00239nam a2200097Ia 4500008004100000100002300041245002800064260002500092260000900117999001500126170524s9999 xx 000 0 und d aChatterjee Bhaskar 0aOrganizational Behavier bSterling publication c2003 c6596d6596